000 00377nam a2200145Ia 4500
005 20240807062142.0
008 240806s9999||||xx |||||||||||||| ||eng||
041 _aeng
100 _aSharma Ganga Sahay
245 0 _aVishv muhavara shabd kosh /
_cSharma Ganga Sahay
260 _bVishvavidhalay Prakashan New Del.
300 _a251
650 _aGeneral Studies
942 _cBK
999 _c10036
_d10036